000 00509nam a2200121Ia 4500
008 220620s9999||||xx |||||||||||||| ||und||
100 _aClara Rauchegger
245 4 _aThe Bundesverfassungsgericht’s human dignity review: Solange III and its application in subsequent case law
546 _aEnglish[eng]
650 _aGerman law||Fundamental Rights Agency||Fundamental Rights||Solange III||Courts
856 _uhttps://www.elgaronline.com/view/edcoll/9781786436047/9781786436047.00012.xml
942 _cEB
999 _c26229
_d26229